Los Países de menor desarrollo económico relativo y la integración en América Latina /

সংরক্ষণ করুন:
গ্রন্থ-পঞ্জীর বিবরন
সংস্থা লেখক: BID. Instituto para la integración de América Latina, BID. INTAL
বিন্যাস: পাঠ‍্য
প্রকাশিত: Buenos Aires: BID. INTAL
ট্যাগগুলো: ট্যাগ যুক্ত করুন
কোনো ট্যাগ নেই, প্রথমজন হিসাবে ট্যাগ করুন!

MARC

LEADER 00000 a a2200000 04500
001 22225
003
040 |a CRAI/IIS  |c CRAI/IIS 
090 |a 150800  
110 |a BID. Instituto para la integración de América Latina  
245 |a Los Países de menor desarrollo económico relativo y la integración en América Latina /  |c BID. Instituto para la integración de América Latina  
260 |a Buenos Aires:   |b BID. INTAL  
300 |a 343 p  
710 |a BID. INTAL  
999 |c 17516  |d 17516